000 01011nam a22002417a 4500
005 20140925163428.0
008 140925b xxu||||| |||| 00| 0 spa d
041 _aspa
044 _ack
082 0 4 _a333.956
_bA67p
100 1 _aArdila-Rodriguez, Carlos A.
_9953
245 1 0 _aPeces del departamento de Santander-Colombia /
_cCarlos A. Ardila Rodriguez
260 _aFloridablanca, Colombia
_bCarlos A. Ardila Rodriguez
_c2013
300 _a21 p.
_bil. (col)
_c28 cm.
504 _aIncluye referencias Bibliográficas (pag. 7-9)
520 _aSe describe una nueva especie de Choque, Chaetostoma Floridablancaensis sp. nov de la quebrada Aranzoque, del municipio de Floridablanca, en el departamento de Santander,oriente de Colombia.
650 _aPeces
_xDistribución geográfica
_zColombia
_927284
650 _aPeces
_zSantander (Colombia)
_927285
650 _aPeces neotropicales
_927271
650 _aLoricariidae
_xTaxonomia
_927286
650 _aLoricariidae
_xMorfologia
_927287
942 _2ddc
_cLIBRO
999 _c8736
_d8736